Formale logik
Αποθηκεύτηκε σε:
| Κύριος συγγραφέας: | |
|---|---|
| Μορφή: | Βιβλίο |
| Γλώσσα: | German |
| Δημοσίευση: |
Freiburg :
K. Alber,
1956
|
| Σειρά: | Orbis academicus
|
| Θέματα: | |
| Ετικέτες: |
Προσθήκη ετικέτας
Δεν υπάρχουν, Καταχωρήστε ετικέτα πρώτοι!
|
MARC
| LEADER | 00000cam a2200000 i 4500 | ||
|---|---|---|---|
| 001 | 1/94665 | ||
| 008 | 080929s1956 ger d | ||
| 035 | |l 10100505 | ||
| 040 | |a GR-MY-UA |b gre |e aacr | ||
| 041 | 0 | |a ger | |
| 082 | 0 | |a 160 |2 (22) | |
| 100 | 1 | |a Bochenski, Joseph M., |d 1902-1995. | |
| 245 | 1 | 0 | |a Formale logik / |c Joseph M. Bochenski |
| 260 | |a Freiburg : |b K. Alber, |c 1956 | ||
| 300 | |a xv, 636 σ.; |b εικ.; |c 23 εκ. | ||
| 490 | 1 | |a Orbis academicus |v ; 2; Bd. III | |
| 504 | |a Βιβλιογραφία: σ. 531-605 | ||
| 650 | 0 | 0 | |a Logic |x History. |
| 830 | 0 | |a Orbis academicus | |
| 852 | |a INST |b SAMOS |c MAG |e 20080929 |h 160 BOC |p 005300030003 |q 005300030003 |t BK |y 0 | ||
| 901 | |a BIBL3-2008-3 | ||
| 909 | |a Σ |b 134756 | ||
| 970 | |a ΣΙΤΖΙΜΗ |b ΓΙΑΣΕΜΗ |z 2008/09/29 | ||